Rapports a M. le comte de Montalivet ... ministre secretaire d'etat au Departement de l'interieur, sur les penitenciers des Etats-Unis /

Bibliographic Details
Main Author: Demetz, M. (Frédéric-Auguste), 1796-1873
Corporate Author: France. Ministère de l'intérieur
Other Authors: Blouet, Guillaume-Abel, 1795-1853
Format: Book
Language:French
Published: Paris : Imprimerie royale, 1837.
Subjects:

MARC

Tag First Indicator Second Indicator Subfields
LEADER 00000cam a2200000 4500
001 in00000672002
005 20151015091224.0
008 801011r19731837miuef a 00010 fre d
035 |a (OCoLC)06812608 
035 |9 ACY5295AM 
040 |a EEU  |c TXA  |d UtOrBLW 
049 |a TXAI 
090 |a HV9473  |b .D4 
099 |a film  |a B  |a 1512  |a reel  |a 557.16 
100 1 |a Demetz,  |c M.  |q (Frédéric-Auguste),  |d 1796-1873. 
245 1 0 |a Rapports a M. le comte de Montalivet ... ministre secretaire d'etat au Departement de l'interieur, sur les penitenciers des Etats-Unis /  |c par M. Demetz ... et par M. Abel Blouet. 
264 1 |a Paris :  |b Imprimerie royale,  |c 1837. 
300 |a 2 pages ., 144, 114 pages, 1 :  |b 45 plates (part folded, including plans) ;  |c 35 cm. 
336 |a text  |b txt  |2 rdacontent 
337 |a microform  |b h  |2 rdamedia 
338 |a microfilm reel  |b hd  |2 rdacarrier 
500 |a Microfilm. Ann Arbor, Mich., Xerox University Microfilms, 1973. 35 mm. (American Culture Series, reel 557.16) 
500 |a Microform. 
650 0 |a Prisons  |z United States. 
700 1 |a Blouet, Guillaume-Abel,  |d 1795-1853. 
710 1 |a France.  |b Ministère de l'intérieur. 
999 |a MARS 
999 f f |s 8b9df90b-9d25-3e5c-92c6-5b0c83f2cc0f  |i 699cf3f7-5f56-311b-9a71-5299846484f0  |t 0 
952 f f |p default  |a Texas A&M University  |b College Station  |c Sterling C. Evans Library  |d Evans: Microforms (3rd floor)  |t 0  |e film B 1512 reel 557.16  |h Other scheme  |i microform -- microfilm reel 
998 f f |a film B 1512 reel 557.16  |t 0  |l Evans: Microforms (3rd floor)